Grupy Mundialu 2022 w Katarze - Statystyki

Ogólne statystyki
  • Ten quiz został rozwiązany 2 378 razy
  • Średni wynik to 27 z 32
Statystyki odpowiedzi
Grupa Kraj % Poprawnych
C Polska
99%
C Argentyna
97%
D Francja
95%
C Arabia Saudyjska
94%
C Meksyk
94%
A Katar
93%
H Portugalia
93%
E Niemcy
92%
B Anglia
91%
E Hiszpania
91%
G Brazylia
89%
E Japonia
88%
A Holandia
87%
B USA
87%
D ZEA / Australia / Peru
84%
B Walia / Szkocja / Ukraina
83%
F Maroko
82%
A Senegal
82%
F Chorwacja
81%
F Belgia
80%
H Korea Południowa
80%
A Ekwador
78%
F Kanada
78%
D Dania
77%
H Urugwaj
76%
E Kostaryka / Nowa Zelandia
75%
G Szwajcaria
74%
B Iran
73%
H Ghana
70%
G Serbia
69%
D Tunezja
64%
G Kamerun
63%
Nie znaleziono quizów pasujących do podanych kryteriów
Rozkład punktacji
Procent ludzi z każdym wynikiem
Percentyl według liczby udzielonych odpowiedzi
Twoja historia wyników
Nie rozwiązałeś tego quizu